Sổ tay quá trình và thiết bị công nghệ hoá chất
محفوظ في:
| التنسيق: | كتاب |
|---|---|
| اللغة: | Undetermined |
| منشور في: |
Hà Nội
Khoa học và Kỹ thuật
2006
|
| الموضوعات: | |
| الوسوم: |
إضافة وسم
لا توجد وسوم, كن أول من يضع وسما على هذه التسجيلة!
|
| Thư viện lưu trữ: | Trung tâm Học liệu Trường Đại học Cần Thơ |
|---|
| LEADER | 00570nam a2200181Ia 4500 | ||
|---|---|---|---|
| 001 | CTU_131507 | ||
| 008 | 210402s9999 xx 000 0 und d | ||
| 020 | |c 75000 | ||
| 082 | |a 681.766 | ||
| 082 | |b S450/T2 | ||
| 245 | 0 | |a Sổ tay quá trình và thiết bị công nghệ hoá chất | |
| 245 | 0 | |c Nguyễn Bin ... [et al.] | |
| 260 | |a Hà Nội | ||
| 260 | |b Khoa học và Kỹ thuật | ||
| 260 | |c 2006 | ||
| 650 | |a Trang thiết bị,Machinery,Equipment | ||
| 904 | |i Hiếu | ||
| 980 | |a Trung tâm Học liệu Trường Đại học Cần Thơ | ||